The night tiger / (Record no. 2301)

MARC details
000 -LEADER
fixed length control field 00367cam a2200145 i 4500
008 - FIXED-LENGTH DATA ELEMENTS--GENERAL INFORMATION
fixed length control field 180629s2019 nyu 000 1 eng
020 ## - INTERNATIONAL STANDARD BOOK NUMBER
ISBN 9781250175458 (hardcover)
100 1# - MAIN ENTRY--AUTHOR
Author Choo, Yangsze,
245 14 - TITLE STATEMENT
Title The night tiger /
Statement of responsibility, etc Yangsze Choo.
250 ## - EDITION STATEMENT
Edition statement First Edition.
300 ## - COLLATION
Pagination 372 pages ;
942 ## - ADDED ENTRY ELEMENTS (KOHA)
Item type Books
050 00 - LIBRARY OF CONGRESS CALL NUMBER
Classification number PS3603.H664
Item number N54 2019
082 00 - DEWEY DECIMAL CLASSIFICATION NUMBER
Classification number 813/.6
Holdings
Source of classification or shelving scheme Not for loan Permanent location Current location Date acquired Accession No. Full call number Barcode. Koha item type
Library of Congress Classification   Samuel Ogbemudia Main Library, University of Abuja Samuel Ogbemudia Main Library, University of Abuja 03/13/2025 2024/63601 PS 3603.H664.N54 2025-0565 Books